| 000 | 00422nam a22001697a 4500 | ||
|---|---|---|---|
| 005 | 20231024151200.0 | ||
| 008 | 231018b |||||||| |||| 00| 0 eng d | ||
| 082 |
_a621.3815 _bMAN-E |
||
| 100 | _aManzar Saeed | ||
| 245 | _aElectronic Devices and Circuits | ||
| 260 |
_aPakistan _bA-One Publishers _c1999 |
||
| 300 | _a418 | ||
| 500 | _aInclude Index | ||
| 650 | _aEngineering | ||
| 700 | _aManzar Saeed | ||
| 999 |
_c33953 _d33953 |
||